Conéctate al mundo de internet / (Registro nro. 4907)

Detalles MARC
000 -LEADER
fixed length control field 01003nam a2200241Ia 4500
003 - CONTROL NUMBER IDENTIFIER
control field OSt
005 - DATE AND TIME OF LATEST TRANSACTION
control field 20200325152253.0
008 - FIXED-LENGTH DATA ELEMENTS--GENERAL INFORMATION
fixed length control field 191128s9999 xx a gr 001 0 und d
020 ## - INTERNATIONAL STANDARD BOOK NUMBER
International Standard Book Number 1565920635
040 ## - CATALOGING SOURCE
Original cataloging agency CO-JMCR
Transcribing agency CO-JMCR
082 ## - DEWEY DECIMAL CLASSIFICATION NUMBER
Classification number 004 .65
082 ## - DEWEY DECIMAL CLASSIFICATION NUMBER
Item number K934c
100 1# - MAIN ENTRY--PERSONAL NAME
Personal name Krol, Ed.,
Relator term autor
9 (RLIN) 1849
245 #0 - TITLE STATEMENT
Title Conéctate al mundo de internet /
Remainder of title Ed. Krol
260 ## - PUBLICATION, DISTRIBUTION, ETC.
Place of publication, distribution, etc. Madrid :
Name of publisher, distributor, etc. McGraw-Hill,
Date of publication, distribution, etc. 1995
300 ## - PHYSICAL DESCRIPTION
Extent 597 páginas :
Other physical details Ilustraciones en blanco y negro ;
Dimensions 24 cm.
505 ## - FORMATTED CONTENTS NOTE
Formatted contents note ¿De qué trat este libro? -- ¿Qué es internet? -- ¿Cómo trabaja internet? -- ¿Qué está permitido en internet? -- sesión remota -- Mover archivos -- Correo electronico -- Network news
520 ## - SUMMARY, ETC.
Summary, etc. ¿Necesita conocer los dictámenes más recientes de la suprema corte? ¿O datos geográfico, económicos y políticas de la república de Rwanda?
546 ## - LANGUAGE NOTE
Language note spa
650 14 - SUBJECT ADDED ENTRY--TOPICAL TERM
Topical term or geographic name entry element Internet. Sesión remota
9 (RLIN) 1850
700 1# - ADDED ENTRY--PERSONAL NAME
Personal name Gracía, Hugo Edmundo,
Relator term traductor
9 (RLIN) 1851
942 ## - ADDED ENTRY ELEMENTS (KOHA)
Source of classification or shelving scheme Dewey Decimal Classification
Koha item type Books
Existencias
Withdrawn status Lost status Source of classification or shelving scheme Materials specified (bound volume or other part) Damaged status Not for loan Home library Current library Date acquired Source of acquisition Cost, normal purchase price Total Checkouts Full call number Barcode Date last seen Copy number Price effective from Koha item type
    Dewey Decimal Classification Donación--15/08/2018--     Biblioteca Pública José María del Castillo y Rada Biblioteca Pública José María del Castillo y Rada 11/28/2019 Donación 0.00   004.65 / K934c 430000944 05/16/2024 Ej.1 11/28/2019 Books